[Event "Tiraspol"]
[Site "Tiraspol"]
[Date "1994.??.??"]
[Round "2"]
[White "Tseitlin, Mikhail S"]
[Black "Geller, Efim P"]
[Result "1/2-1/2"]
[WhiteElo "2440"]
[BlackElo "2490"]
[PlyCount "26"]
[EventDate "1994.01.??"]
[Source "ChessBase"]

1. e4 e5 2. Nf3 Nc6 3. Nc3 g6 4. d4 exd4 5. Nxd4 Bg7 6. Be3 Nf6 7. Qd2 O-O 8. O-O-O Re8 9. f3 d5 10. exd5 Nxd5 11. Nxc6 bxc6 12. Bd4 Nxc3 13. Bxc3 Qxd2+ 1/2-1/2

[Event "Aalborg Open"]
[Site "Aalborg DEN"]
[Date "1993.??.??"]
[Round "6"]
[White "Christensen, Tobias"]
[Black "Balashov, Yuri S"]
[Result "1/2-1/2"]
[WhiteElo "2380"]
[BlackElo "2545"]
[PlyCount "79"]
[EventDate "1993.??.??"]
[Source "www.chesslib.no"]
[SourceDate "2004.05.04"]

1. e4 e5 2. Nf3 Nc6 3. Nc3 g6 4. d4 exd4 5. Nxd4 Bg7 6. Be3 d6 7. Bb5 Bd7 8. Bxc6 bxc6 9. Qd2 Nf6 10. Bh6 O-O 11. Bxg7 Kxg7 12. O-O-O Qe7 13. Rhe1 c5 14. Nf3 Rfd8 15. e5 dxe5 16. Nxe5 Bf5 17. Qe3 Rxd1+ 18. Rxd1 Re8 19. f4 Ng4 20. Nxg4 Bxg4 21. Qxe7 Rxe7 22. Rf1 h5 23. Rf2 h4 24. Na4 c4 25. Kd2 Kf6 26. Kc3 Kf5 27. Nc5 Re2 28. Rxe2 Bxe2 29. Kd2 Bf1 30. g3 hxg3 31. hxg3 Bg2 32. Ke3 Kg4 33. c3 g5 34. fxg5 Kxg5 35. Na6 c6 36. Nc5 Kf5 37. Ke2 Kg4 38. Kf2 Kf5 39. a4 Kg4 40. Nb7 1/2-1/2

[Event "Najdorf final KO"]
[Site "Buenos Aires"]
[Date "2000.09.09"]
[Round "1.1"]
[White "Lima, Darcy"]
[Black "Julia, Ernesto"]
[Result "1-0"]
[WhiteElo "2525"]
[BlackElo "2393"]
[PlyCount "85"]
[EventDate "2000.09.09"]
[Source "ChessBase"]
[SourceDate "2000.11.21"]

1. e4 e5 2. Nf3 Nc6 3. Nc3 g6 4. d4 exd4 5. Nxd4 Bg7 6. Be3 d6 7. Qd2 Nf6 8. O-O-O Ng4 9. Nxc6 bxc6 10. Bd4 Bxd4 11. Qxd4 Qf6 12. h3 Qxd4 13. Rxd4 Ne5 14. f4 Nd7 15. Be2 Bb7 16. Bg4 Nb6 17. e5 c5 18. Rd2 h5 19. Bf3 Bxf3 20. gxf3 O-O-O 21. exd6 cxd6 22. Rhd1 Nc4 23. Re2 Rhe8 24. Rxe8 Rxe8 25. b3 Ne3 26. Rxd6 Nf5 27. Rc6+ Kd7 28. Rxc5 Re1+ 29. Kb2 Rh1 30. Ra5 Rxh3 31. Rxa7+ Ke8 32. a4 Rh2 33. Nd5 Nd4 34. Rc7 h4 35. Nf6+ Kf8 36. Ng4 Rg2 37. a5 h3 38. a6 Nb5 39. Rd7 f5 40. Ne5 Kg8 41. Rb7 Nd4 42. a7 Rxc2+ 43. Kb1 1-0

[Event "75th ch-GER"]
[Site "Hoeckendorf"]
[Date "2004.01.31"]
[Round "2"]
[White "Heinemann, Thies"]
[Black "Stern, Rene"]
[Result "1-0"]
[WhiteElo "2426"]
[BlackElo "2489"]
[PlyCount "131"]
[EventDate "2004.01.30"]
[Source "Roberto Alvarez"]
[SourceDate "2004.02.09"]

1. e4 e5 2. Nf3 Nc6 3. Nc3 g6 4. d4 exd4 5. Nxd4 Bg7 6. Be3 Nf6 7. Be2 O-O 8. O-O Re8 9. Nxc6 bxc6 10. Bf3 Bb7 11. Qd2 d6 12. Bg5 Qe7 13. Rfe1 Qf8 14. a4 Nd7 15. a5 a6 16. Ra4 h6 17. Be3 Kh7 18. Rb4 Reb8 19. Ra4 Bc8 20. Nd1 Ne5 21. Be2 c5 22. b3 Qh8 23. Rf1 Bd7 24. Ra3 Bb5 25. f4 Bxe2 26. Qxe2 Nc6 27. e5 Nd4 28. Bxd4 cxd4 29. exd6 Qf8 30. Ra4 Qxd6 31. Nb2 Re8 32. Qf3 f5 33. Nd3 Rab8 34. Rc4 Re4 35. g4 Rbe8 36. gxf5 gxf5 37. Qh5 Rf8 38. Rc5 Re6 39. Rf2 Rg6+ 40. Rg2 Rff6 41. Rxg6 Rxg6+ 42. Kf1 Kh8 43. Qxf5 Rf6 44. Qg4 Re6 45. Qf5 c6 46. b4 Kg8 47. Ne5 Rf6 48. Qe4 Qf8 49. Nd3 Qc8 50. f5 Rf8 51. Nf4 Qb8 52. Rxc6 Qxb4 53. Qe6+ Rf7 54. Rc8+ Bf8 55. f6 Qb5+ 56. Kf2 Qb4 57. Qg4+ Kh7 58. Qg6+ Kh8 59. Qxh6+ Kg8 60. Qg5+ Kh7 61. Qg6+ Kh8 62. Qxf7 Qd2+ 63. Ne2 Qe3+ 64. Ke1 Qxe2+ 65. Kxe2 d3+ 66. Kf3 1-0

[Event "Magistral de VRSA 3rd"]
[Site "Santo Antonio"]
[Date "2000.05.22"]
[Round "3"]
[White "Campora, Daniel Hugo"]
[Black "Santos, Carlos P"]
[Result "1/2-1/2"]
[WhiteElo "2534"]
[BlackElo "2379"]
[PlyCount "132"]
[EventDate "2000.05.20"]
[Source "ChessBase"]
[SourceDate "2000.07.11"]

1. e4 e5 2. Nf3 Nc6 3. Nc3 g6 4. d4 exd4 5. Nxd4 Bg7 6. Be3 Nf6 7. Be2 O-O 8. O-O Re8 9. Nxc6 bxc6 10. Bf3 Bb7 11. Re1 d6 12. Qd2 Qc8 13. Bh6 Bh8 14. h3 c5 15. Rab1 Rb8 16. b3 Ba8 17. Nd5 Bxd5 18. exd5 Qb7 19. c3 Nd7 20. b4 Qa6 21. Be2 Qa4 22. Bg4 Bg7 23. Bxd7 Qxd7 24. bxc5 Rxb1 25. Rxb1 Bxh6 26. Qxh6 dxc5 27. Qd2 c6 28. c4 cxd5 29. cxd5 Qd6 30. Qd3 Rd8 31. Rd1 Rb8 32. Qc3 Rb4 33. a3 Rb8 34. g3 Rc8 35. Qc4 Kg7 36. h4 h5 37. Kg2 Rd8 38. Qc3+ Kg8 39. Kh2 Re8 40. Qc4 Rd8 41. Rd3 Re8 42. Rc3 Re5 43. Rd3 Re8 44. Kg2 Kg7 45. Rd1 Rd8 46. Kf1 Re8 47. Qc3+ Kg8 48. Kg2 Rd8 49. Qe3 Kg7 50. Rd2 Rc8 51. f4 c4 52. Qe5+ Qxe5 53. fxe5 c3 54. Rc2 Rc5 55. d6 Rxe5 56. Rxc3 Kf6 57. Rd3 Re8 58. Kf3 Rd8 59. Kf4 Rd7 60. Rd4 Rd8 61. Ra4 Rxd6 62. Rxa7 Rd4+ 63. Ke3 Rg4 64. Kf3 Rc4 65. Ra6+ Kf5 66. Ra5+ Kf6 1/2-1/2

[Event "Frunze"]
[Site "Frunze"]
[Date "1985.??.??"]
[Round "5"]
[White "Yurtaev, Leonid"]
[Black "Gulko, Boris F"]
[Result "1-0"]
[WhiteElo "2435"]
[BlackElo "2475"]
[PlyCount "107"]
[EventDate "1985.11.??"]
[Source "ChessBase"]

1. e4 e5 2. Nf3 Nc6 3. Nc3 g6 4. d4 exd4 5. Nxd4 Bg7 6. Be3 d6 7. Qd2 Nf6 8. f3 O-O 9. O-O-O Nxd4 10. Bxd4 Be6 11. g4 c5 12. Be3 Qa5 13. Bh6 Rfd8 14. Bxg7 Kxg7 15. h4 h5 16. gxh5 Nxh5 17. Rg1 b5 18. Qg5 b4 19. Nb1 Rh8 20. Rxd6 Rae8 21. Qe5+ Kh7 22. Ra6 Qd8 23. Bb5 Qb8 24. Qxb8 Rxb8 25. a4 Nf4 26. Rh1 c4 27. Kd2 Kg7 28. Ke3 Ng2+ 29. Kf2 Nxh4 30. Nd2 Rbd8 31. Nxc4 Bxc4 32. Bxc4 Rd2+ 33. Ke3 Rxc2 34. Kd3 Rf2 35. Rxa7 Rxf3+ 36. Ke2 Rf4 37. Bd5 Rc8 38. Rf1 Rc2+ 39. Kd3 Rxf1 40. Kxc2 g5 41. a5 g4 42. e5 Kg6 43. Ra6+ Kg5 44. Ra8 g3 45. a6 Ra1 46. a7 Ng6 47. Bxf7 Nxe5 48. Bd5 Ng6 49. Kb3 Kf5 50. Kxb4 Nf4 51. Bc6 Ne6 52. Ba4 Nc7 53. Rg8 Nd5+ 54. Ka5 1-0

[Event "FRA Team Ch"]
[Site "France"]
[Date "1992.??.??"]
[Round "?"]
[White "Degraeve, Jean-Marc"]
[Black "Sellos, Didier"]
[Result "0-1"]
[WhiteElo "2470"]
[BlackElo "2435"]
[PlyCount "100"]
[EventDate "1992.??.??"]
[Source "www.chesslib.no"]
[SourceDate "2004.05.04"]

1. e4 e5 2. Nf3 Nc6 3. Nc3 g6 4. Bc4 Bg7 5. a3 d6 6. d3 h6 7. Be3 Nd4 8. h3 c6 9. O-O Ne7 10. Nh2 O-O 11. f4 d5 12. Ba2 exf4 13. Bxf4 Ne6 14. Bd2 Kh7 15. Qe1 f5 16. exd5 cxd5 17. Qf2 Bd4 18. Be3 Bxe3 19. Qxe3 d4 20. Qe2 dxc3 21. Bxe6 Qb6+ 22. Kh1 Qxe6 23. Qxe6 Bxe6 24. Rae1 Rf6 25. Ng4 Kg7 26. Nxf6 Kxf6 27. bxc3 Rc8 28. c4 b6 29. Rf2 Bf7 30. Rb1 Nc6 31. g4 Re8 32. Kh2 Re3 33. a4 Be6 34. Rbf1 Re5 35. Rb1 Ra5 36. Rb5 Rxa4 37. c5 Ra6 38. cxb6 axb6 39. c3 Ne5 40. d4 Nd3 41. Rf3 Bc4 42. Rb1 b5 43. Rbf1 Ra2+ 44. Kg1 Nb2 45. R1f2 Ra1+ 46. Kg2 Na4 47. d5 Nc5 48. d6 Ra8 49. gxf5 gxf5 50. d7 Rd8 0-1

[Event "AUT-chT2S 9798"]
[Site "AUT"]
[Date "1997.10.04"]
[Round "1"]
[White "Mohr, Georg"]
[Black "Gyorkos, Lajos"]
[Result "1-0"]
[WhiteElo "2480"]
[BlackElo "2425"]
[PlyCount "65"]
[EventDate "1998.??.??"]
[Source "www.chesslib.no"]
[SourceDate "2004.05.04"]

1. e4 e5 2. Nf3 Nc6 3. Nc3 g6 4. d4 exd4 5. Nxd4 Bg7 6. Be3 Nge7 7. Qd2 d6 8. O-O-O O-O 9. h4 h5 10. f3 Ne5 11. Bh6 N7c6 12. Bxg7 Kxg7 13. Be2 f6 14. Kb1 Nxd4 15. Qxd4 Be6 16. f4 Nc6 17. Qd2 Qd7 18. f5 gxf5 19. Bxh5 Ne5 20. exf5 Bxf5 21. Ne2 Bh7 22. Rh3 Kh8 23. Rf1 d5 24. Nf4 d4 25. Be2 Bf5 26. Rg3 Rad8 27. Nh5 d3 28. cxd3 Bg6 29. Rxf6 Rxf6 30. Nxf6 Qg7 31. Qg5 Bxd3+ 32. Rxd3 Rxd3 33. Qh5+ 1-0

[Event "Budapest FS02 GM"]
[Site "Budapest"]
[Date "1998.02.07"]
[Round "1"]
[White "Glek, Igor V"]
[Black "Czebe, Attila"]
[Result "1-0"]
[WhiteElo "2550"]
[BlackElo "2350"]
[PlyCount "47"]
[EventDate "1998.02.??"]
[Source "ChessBase"]
[SourceDate "1998.04.29"]

1. e4 e5 2. Nf3 Nc6 3. Nc3 g6 4. d4 exd4 5. Nxd4 Bg7 6. Be3 Nge7 7. Qd2 d6 8. Nxc6 Nxc6 9. Bh6 O-O 10. Bxg7 Kxg7 11. O-O-O Be6 12. Be2 Qd7 13. h4 h6 14. f4 f6 15. g4 Bxg4 16. Bxg4 Qxg4 17. Rdg1 Qh5 18. Nd5 Rae8 19. f5 Rxe4 20. Rxg6+ Kh7 21. Rhg1 Ree8 22. Nf4 Qxf5 23. Rxh6+ Kxh6 24. Ne6+ 1-0

[Event "St Petersburg op"]
[Site "St Petersburg"]
[Date "1994.??.??"]
[Round "5"]
[White "Chuprov, A."]
[Black "Geller, Efim P"]
[Result "1/2-1/2"]
[WhiteElo "2410"]
[BlackElo "2490"]
[PlyCount "44"]
[EventDate "1994.02.??"]
[Source "ChessBase"]

1. e4 e5 2. Nf3 Nc6 3. Nc3 g6 4. d4 exd4 5. Nxd4 Bg7 6. Be3 Nf6 7. Nxc6 bxc6 8. e5 Nd5 9. Nxd5 cxd5 10. Qxd5 Rb8 11. Bc4 O-O 12. O-O Bb7 13. Qd2 Bxe5 14. Bxa7 Bxh2+ 15. Kxh2 Qh4+ 16. Kg1 Bxg2 17. f4 Be4 18. Qh2 Qg4+ 19. Kf2 Rxb2 20. Bb3 Qf3+ 21. Kg1 Qg4+ 22. Kf2 Qf3+ 1/2-1/2

[Event "Havana-A"]
[Site "Havana CUB"]
[Date "1985.??.??"]
[Round "?"]
[White "Utasi, Tamas"]
[Black "Westerinen, Heikki M J"]
[Result "1-0"]
[WhiteElo "2480"]
[BlackElo "2420"]
[PlyCount "53"]
[EventDate "1985.??.??"]
[Source "www.chesslib.no"]
[SourceDate "2004.05.04"]

1. e4 e5 2. Nf3 Nc6 3. Nc3 g6 4. d4 exd4 5. Nd5 Bg7 6. Bg5 Nce7 7. Nxd4 c6 8. Nc3 h6 9. Be3 Nf6 10. Qe2 O-O 11. O-O-O b5 12. f3 b4 13. Na4 Qa5 14. b3 d5 15. e5 Nd7 16. Kb1 c5 17. Nb5 d4 18. e6 Nb6 19. exf7+ Rxf7 20. Bc1 Nxa4 21. bxa4 Bb7 22. Nd6 Nd5 23. Bb2 d3 24. Qxd3 Rd8 25. Qxg6 Rxd6 26. Qxd6 Bd4 27. Bc4 1-0

[Event "Hambourg IHEM"]
[Site "?"]
[Date "2004.05.30"]
[Round "2.7"]
[White "Zimmermann Julian"]
[Black "Rozentalis Eduardas"]
[Result "1/2-1/2"]
[WhiteElo "2276"]
[BlackElo "2619"]
[PlyCount "31"]
[EventDate "2004.??.??"]
[Source "www.chesslib.no"]
[SourceDate "2004.05.04"]

1. e4 e5 2. Nf3 Nc6 3. Nc3 g6 4. d4 exd4 5. Nxd4 Bg7 6. Be3 Nge7 7. Qd2 d6 8. O-O-O a6 9. h4 h5 10. Nxc6 bxc6 11. Bc4 Rb8 12. Bb3 a5 13. Bd4 Bh6 14. Be3 Bg7 15. Bd4 Bh6 16. Be3 1/2-1/2

[Event "Moscow-D"]
[Site "Moscow"]
[Date "1996.??.??"]
[Round "?"]
[White "Gelman, Alexander"]
[Black "Vorotnikov, Vladislav V"]
[Result "1/2-1/2"]
[WhiteElo "2390"]
[BlackElo "2505"]
[PlyCount "43"]
[EventDate "1996.??.??"]
[Source "www.chesslib.no"]
[SourceDate "2004.05.04"]

1. e4 e5 2. Nf3 Nc6 3. Nc3 g6 4. d4 exd4 5. Nxd4 Bg7 6. Be3 d6 7. Qd2 Nf6 8. f3 O-O 9. O-O-O Ne5 10. Bh6 Bxh6 11. Qxh6 c6 12. h4 b5 13. h5 Bd7 14. Ndxb5 cxb5 15. Rxd6 Qe7 16. hxg6 Qxd6 17. g7 Bc6 18. gxf8=Q+ Rxf8 19. f4 b4 20. fxe5 Qxe5 21. Nd1 Bxe4 22. Bd3 1/2-1/2

[Event "Yalta op"]
[Site "?"]
[Date "1996.??.??"]
[Round "2"]
[White "Golubev Mihail"]
[Black "Bezman Vadim"]
[Result "1-0"]
[WhiteElo "2525"]
[BlackElo "2365"]
[PlyCount "41"]
[EventDate "1996.??.??"]
[Source "www.chesslib.no"]
[SourceDate "2004.05.04"]

1. e4 e5 2. Nf3 Nc6 3. Nc3 g6 4. d4 exd4 5. Nxd4 Bg7 6. Be3 d6 7. Qd2 Nf6 8. f3 O-O 9. O-O-O Nxd4 10. Bxd4 Be6 11. Kb1 a6 12. g4 c5 13. Be3 Qa5 14. g5 Nh5 15. Nd5 Qd8 16. f4 f5 17. Bh3 Bc8 18. e5 dxe5 19. Bxc5 Be6 20. Bxf8 Kxf8 21. Qb4+ 1-0

[Event "ARG Ch"]
[Site "Salta"]
[Date "1987.??.??"]
[Round "5"]
[White "Campora, Daniel H"]
[Black "Sorin, Ariel"]
[Result "1-0"]
[WhiteElo "2545"]
[BlackElo "2345"]
[PlyCount "55"]
[EventDate "1987.??.??"]
[Source "www.chesslib.no"]
[SourceDate "2004.05.04"]

1. e4 e5 2. Nf3 Nc6 3. Nc3 g6 4. d4 exd4 5. Nd5 Bg7 6. Bg5 Nce7 7. Nxd4 c6 8. Nxe7 Nxe7 9. Qd2 h6 10. Bh4 d5 11. O-O-O g5 12. Bg3 dxe4 13. Qe3 Qa5 14. Bd6 Bf5 15. Bc4 Bg6 16. b4 Qb6 17. h4 Nd5 18. Bxd5 cxd5 19. Bc5 Qa6 20. h5 Bh7 21. Qb3 O-O-O 22. b5 Qa5 23. Rh3 Rd7 24. Qb2 e3 25. Rxe3 a6 26. bxa6 bxa6 27. Bb6 Qb5 28. Rc3+ 1-0

[Event "Lucerne WTC"]
[Site "?"]
[Date "1993.??.??"]
[Round "9"]
[White "Nadyrhanov, S."]
[Black "Costa, J."]
[Result "1-0"]
[WhiteElo "2460"]
[BlackElo "2425"]
[PlyCount "59"]
[EventDate "1993.??.??"]
[Source "www.chesslib.no"]
[SourceDate "2004.05.04"]

1. e4 e5 2. Nf3 Nc6 3. Nc3 g6 4. d4 exd4 5. Nxd4 Bg7 6. Be3 d6 7. Qd2 Nf6 8. O-O-O O-O 9. Nxc6 bxc6 10. Bh6 Bxh6 11. Qxh6 Re8 12. f3 Qe7 13. h4 Qe5 14. g4 d5 15. Bd3 dxe4 16. Bxe4 Nxe4 17. Nxe4 Rb8 18. c3 Bxg4 19. Ng5 Qe3+ 20. Rd2 Be6 21. Qxh7+ Kf8 22. Nxe6+ Qxe6 23. h5 Rbd8 24. Qh6+ Ke7 25. Qg5+ f6 26. Qc5+ Kf7 27. hxg6+ Kg8 28. Rh8+ Kxh8 29. Qh5+ Kg8 30. Qh7+ 1-0

[Event "Gausdal Int"]
[Site "Gausdal"]
[Date "1991.??.??"]
[Round "2"]
[White "Svidler, Peter"]
[Black "Lev, Ronen"]
[Result "1/2-1/2"]
[WhiteElo "2460"]
[BlackElo "2425"]
[PlyCount "44"]
[EventDate "1991.08.??"]
[Source "ChessBase"]

1. e4 e5 2. Nf3 Nc6 3. Nc3 g6 4. d4 exd4 5. Nxd4 Bg7 6. Be3 Nf6 7. Qd2 O-O 8. O-O-O Ng4 9. Nxc6 bxc6 10. Bd4 Bxd4 11. Qxd4 Qf6 12. f3 Ne5 13. Qd2 d6 14. f4 Nd7 15. g3 Nb6 16. h4 h5 17. f5 Nd7 18. Be2 Ne5 19. Rdg1 Rb8 20. Qh6 Bd7 21. g4 hxg4 22. Bxg4 Qh8 1/2-1/2

[Event "HUN Team Ch"]
[Site "HUN"]
[Date "1993.??.??"]
[Round "?"]
[White "Horvath, Tamas"]
[Black "Pinter, Jozsef"]
[Result "1/2-1/2"]
[WhiteElo "2300"]
[BlackElo "2580"]
[PlyCount "108"]
[EventDate "1993.??.??"]
[Source "www.chesslib.no"]
[SourceDate "2004.05.04"]

1. e4 e5 2. Nf3 Nc6 3. Nc3 g6 4. d4 exd4 5. Nxd4 Bg7 6. Be3 d6 7. Qd2 Nf6 8. f3 O-O 9. O-O-O Re8 10. Bb5 Bd7 11. Bxc6 bxc6 12. Bh6 Bh8 13. h4 Qb8 14. h5 Qb4 15. hxg6 fxg6 16. a3 Qb7 17. Qd3 Rab8 18. b3 Re7 19. Rhe1 Rbe8 20. g4 Rf7 21. Nde2 Be6 22. Nf4 Nd7 23. Nxe6 Rxe6 24. Qc4 Re5 25. b4 Bg7 26. Rh1 Bxh6+ 27. Rxh6 Ree7 28. f4 Qb6 29. Kb2 Qe3 30. Rdh1 Nb6 31. Qb3 d5 32. exd5 cxd5 33. Ka2 c5 34. R1h3 c4 35. Qb2 Qd4 36. f5 gxf5 37. gxf5 Rxf5 38. Qc1 Qf2 39. Rh2 Qf3 40. Qg1+ Rg7 41. Qd4 Qg3 42. Re2 Qg1 43. Qh4 Qg5 44. Qh2 Qf4 45. Qh1 Qf1 46. Qh4 Rf8 47. Re7 Rxe7 48. Qxe7 Qf5 49. Rh2 Qg6 50. Qxa7 d4 51. Qb7 Rf7 52. Qb8+ Rf8 53. Qb7 Rf7 54. Qb8+ Rf8 1/2-1/2

[Event "Pardubice Open"]
[Site "Pardubice CZE"]
[Date "1994.??.??"]
[Round "9"]
[White "Nikolenko, Oleg"]
[Black "Gross, David"]
[Result "1-0"]
[WhiteElo "2475"]
[BlackElo "2390"]
[PlyCount "53"]
[EventDate "1994.07.??"]
[Source "www.chesslib.no"]
[SourceDate "2004.05.04"]

1. e4 e5 2. Nf3 Nc6 3. Nc3 g6 4. d4 exd4 5. Nxd4 Bg7 6. Be3 d6 7. Qd2 Nf6 8. f3 O-O 9. O-O-O Nxd4 10. Bxd4 Be6 11. Be3 a6 12. Bg5 Qd7 13. Bh6 b5 14. Kb1 Rfe8 15. Bxg7 Kxg7 16. g4 b4 17. Ne2 Qa4 18. b3 Qa5 19. g5 Nd7 20. h4 Rad8 21. h5 Nf8 22. Nf4 c5 23. hxg6 fxg6 24. Nxe6+ Rxe6 25. Bc4 Re7 26. Qf4 Kh8 27. Rxd6 1-0

[Event "Russia"]
[Site "?"]
[Date "1994.??.??"]
[Round "?"]
[White "Malakhov, V."]
[Black "Geller, E."]
[Result "1/2-1/2"]
[WhiteElo "2395"]
[BlackElo "2470"]
[PlyCount "48"]
[EventDate "1994.??.??"]
[Source "ChessBase"]
[SourceDate "1996.02.01"]

1. e4 e5 2. Nf3 Nc6 3. Nc3 g6 4. d4 exd4 5. Nxd4 Bg7 6. Be3 Nf6 7. Qd2 O-O 8. O-O-O Re8 9. f3 d5 10. Bb5 Bd7 11. exd5 Nxd4 12. Bxd4 Bxb5 13. Nxb5 Qxd5 14. Nxc7 Qxa2 15. c3 Rec8 16. Bxf6 Rxc7 17. Bxg7 Kxg7 18. Qd4+ Kg8 19. Rhe1 Rac8 20. Qf6 Qa1+ 21. Kc2 Qa4+ 22. Kb1 Rd7 23. Rxd7 Qxd7 24. Re4 Qd3+ 1/2-1/2

[Event "Pardubice Open"]
[Site "Pardubice CZE"]
[Date "1995.??.??"]
[Round "?"]
[White "Lipka, Juraj"]
[Black "Klovans, Janis"]
[Result "0-1"]
[WhiteElo "2360"]
[BlackElo "2500"]
[PlyCount "80"]
[EventDate "1995.07.??"]
[Source "www.chesslib.no"]
[SourceDate "2004.05.04"]

1. e4 e5 2. Nf3 Nc6 3. Nc3 g6 4. d4 exd4 5. Nxd4 Bg7 6. Be3 Nf6 7. Qd2 O-O 8. O-O-O d6 9. f3 Nxd4 10. Bxd4 Be6 11. Kb1 c6 12. h4 b5 13. Ne2 d5 14. exd5 Qxd5 15. Nc3 Qd8 16. Bc5 Qxd2 17. Rxd2 Rfd8 18. Rxd8+ Rxd8 19. Bd3 Nd7 20. Be7 Re8 21. Bg5 h6 22. Bf4 Nc5 23. Be4 Nxe4 24. Nxe4 Bd5 25. Ng3 f5 26. Bd2 Be5 27. Re1 Kf7 28. Ne2 Bf6 29. Nf4 Rxe1+ 30. Bxe1 Bc4 31. Bf2 Bf1 32. g3 g5 33. hxg5 hxg5 34. Nd3 Be2 35. f4 Bxd3 36. cxd3 gxf4 37. gxf4 a6 38. Kc2 Kg6 39. Bc5 Kh5 40. b3 Kg4 0-1

[Event "SWZ-chT9697"]
[Site "SWZ"]
[Date "1997.??.??"]
[Round "?"]
[White "Gallagher, Joseph G"]
[Black "Vulevic, Vjekoslav"]
[Result "1/2-1/2"]
[WhiteElo "2545"]
[BlackElo "2315"]
[PlyCount "81"]
[EventDate "1997.??.??"]
[Source "www.chesslib.no"]
[SourceDate "2004.05.04"]

1. e4 e5 2. Nf3 Nc6 3. Nc3 g6 4. d4 exd4 5. Nd5 Bg7 6. Bg5 f6 7. Bf4 Ne5 8. Nxd4 c6 9. Nc3 Ne7 10. Nb3 O-O 11. Qd6 b5 12. O-O-O Nf7 13. Qc7 Qxc7 14. Bxc7 f5 15. f3 b4 16. Na4 fxe4 17. fxe4 d5 18. Nac5 Bg4 19. Re1 dxe4 20. Rxe4 Nd5 21. Rxg4 Nxc7 22. Rxb4 Bh6+ 23. Kb1 Nd5 24. Rb7 Ne5 25. Ba6 Ne3 26. g3 Rf7 27. Rb4 Rf2 28. Re4 Nf3 29. Nd3 Nd2+ 30. Nxd2 Rxd2 31. Re1 Nxc2 32. Bc4+ Kh8 33. Re8+ Rxe8 34. Rxe8+ Kg7 35. Re7+ Kf8 36. Rxh7 Ne3 37. Rxh6 Nxc4 38. Nf4 Rxb2+ 39. Kc1 Rxa2 40. h4 Ne5 41. Nxg6+ 1/2-1/2

[Event "Quito Copa Saeta 1st"]
[Site "?"]
[Date "1997.??.??"]
[Round "15"]
[White "Lugo Blas"]
[Black "Oblitas Guerrero Carlomagno"]
[Result "1-0"]
[WhiteElo "2445"]
[BlackElo "2415"]
[PlyCount "43"]
[EventDate "1997.??.??"]
[Source "www.chesslib.no"]
[SourceDate "2004.05.04"]

1. e4 e5 2. Nf3 Nc6 3. Nc3 g6 4. d4 exd4 5. Nd5 Bg7 6. Bg5 Nce7 7. Nxd4 c6 8. Nxe7 Nxe7 9. Qd2 d5 10. Bh6 Bxh6 11. Qxh6 Qa5+ 12. c3 dxe4 13. Bc4 Qe5 14. O-O-O Be6 15. Nxe6 fxe6 16. Rhe1 Nf5 17. Qg5 O-O 18. g4 b5 19. Bb3 c5 20. gxf5 c4 21. Bc2 exf5 22. Bxe4 1-0

[Event "Polish Extraleague"]
[Site "Lubniewice"]
[Date "2003.08.31"]
[Round "2"]
[White "Antoniewski, Rafal"]
[Black "Sendera, Jaroslaw"]
[Result "1-0"]
[WhiteElo "2499"]
[BlackElo "2358"]
[PlyCount "99"]
[EventDate "2003.08.30"]
[Source "Roberto Alvarez"]
[SourceDate "2003.09.15"]

1. e4 e5 2. Nf3 Nc6 3. Nc3 g6 4. h4 h6 5. h5 g5 6. d4 exd4 7. Nxd4 Bg7 8. Be3 d6 9. Qd2 Nxd4 10. Bxd4 Bxd4 11. Qxd4 Qf6 12. Qe3 Ne7 13. O-O-O a6 14. Be2 Be6 15. g3 O-O-O 16. f4 gxf4 17. gxf4 Kb8 18. Bf3 Rde8 19. Kb1 Rhg8 20. e5 dxe5 21. Ne4 Qf5 22. fxe5 Nd5 23. Qa3 Qxe5 24. Nc5 Rg3 25. Rhe1 Qf4 26. Rd3 Qb4 27. Nxa6+ bxa6 28. Rb3 Qxb3 29. Qxb3+ Nb6 30. Qc3 Rd8 31. Qf6 Rd6 32. Qf4 Rg5 33. b3 Nd5 34. Qd4 Rg3 35. Rf1 Rg8 36. Kb2 Rgd8 37. Re1 Rg8 38. Re5 Nb6 39. Qf4 Rgd8 40. Ra5 Bd5 41. Bxd5 Rxd5 42. Rxd5 Nxd5 43. Qxh6 f5 44. Qg7 f4 45. h6 f3 46. h7 f2 47. Qg8 Rxg8 48. hxg8=Q+ Ka7 49. Qf7 Ne3 50. Qxf2 1-0

[Event "Bahrain"]
[Site "Bahrain"]
[Date "1990.??.??"]
[Round "10"]
[White "Abdelnnabi, Imed"]
[Black "Nikolac, Juraj"]
[Result "1-0"]
[WhiteElo "2370"]
[BlackElo "2485"]
[PlyCount "145"]
[EventDate "1990.??.??"]
[Source "ChessBase"]

1. e4 e5 2. Nf3 Nc6 3. Nc3 g6 4. d4 exd4 5. Nxd4 Bg7 6. Be3 Nf6 7. Qd2 O-O 8. O-O-O Re8 9. Nxc6 bxc6 10. Bg5 Rb8 11. Re1 d6 12. Bc4 Be6 13. Bb3 Qc8 14. Kb1 c5 15. e5 dxe5 16. Bxf6 Bxf6 17. Ne4 Be7 18. Qc3 c4 19. Bxc4 Bxc4 20. Qxc4 Qb7 21. b3 Rbd8 22. Rd1 Kg7 23. f3 Qb6 24. Rd5 Rxd5 25. Qxd5 f6 26. Qd7 Kf8 27. Qh3 f5 28. Nd2 Qd4 29. Qh6+ Kg8 30. Nc4 Rb8 31. Nb2 Ba3 32. Qc1 Rd8 33. Rf1 Bxb2 34. Qxb2 Qxb2+ 35. Kxb2 Rd2 36. Rg1 Kf7 37. Kc3 Rf2 38. Kd3 Ke6 39. a3 g5 40. h3 h5 41. c3 c6 42. Kc4 Rd2 43. Kc5 Rd3 44. Rc1 Kd7 45. Re1 Rd5+ 46. Kc4 Ke6 47. Re2 f4 48. b4 Kf5 49. a4 a6 50. Kb3 g4 51. hxg4+ hxg4 52. Kc2 g3 53. c4 Rd4 54. Kc3 Ke6 55. b5 cxb5 56. axb5 axb5 57. cxb5 Rd1 58. Rb2 Kd7 59. b6 Kc8 60. Re2 Rd5 61. Kc4 Ra5 62. Kd3 Kb7 63. Rb2 Ra4 64. Re2 Rd4+ 65. Kc3 Rd5 66. Kc4 Kc6 67. Rb2 Rd4+ 68. Kc3 Rd7 69. Rb1 Rb7 70. Kd3 Rd7+ 71. Ke4 Kb7 72. Kxe5 Rd2 73. Rg1 1-0

[Event "Forli Open"]
[Site "Forli"]
[Date "1990.??.??"]
[Round "1"]
[White "Berg, Klaus"]
[Black "Hug, Werner"]
[Result "1-0"]
[WhiteElo "2410"]
[BlackElo "2445"]
[PlyCount "31"]
[EventDate "1990.09.??"]
[Source "www.chesslib.no"]
[SourceDate "2004.05.04"]

1. e4 e5 2. Nf3 Nc6 3. Nc3 g6 4. d4 exd4 5. Nxd4 Bg7 6. Be3 Nf6 7. Nxc6 dxc6 8. Qxd8+ Kxd8 9. O-O-O+ Ke8 10. h3 Be6 11. g4 Nd7 12. f4 Nb6 13. f5 Bxc3 14. bxc3 Bd7 15. Bd4 Rg8 16. Rh2 1-0

[Event "EtVas Vantaa GM"]
[Site "Myyrmanni"]
[Date "1999.07.26"]
[Round "7"]
[White "Nouro, Mikael"]
[Black "Lugovoi, Aleksei"]
[Result "1-0"]
[WhiteElo "2344"]
[BlackElo "2509"]
[PlyCount "53"]
[EventDate "1999.07.20"]
[Source "ChessBase"]
[SourceDate "1999.10.01"]

1. e4 e5 2. Nf3 Nc6 3. Nc3 g6 4. d4 exd4 5. Nd5 Bg7 6. Bg5 Nce7 7. Nxd4 c6 8. Nxe7 Nxe7 9. Qd2 h6 10. Bh4 d5 11. O-O-O g5 12. Bg3 dxe4 13. Qe3 Qb6 14. Qxe4 Bf5 15. Qxe7+ Kxe7 16. Nxf5+ Ke8 17. Nxg7+ Kf8 18. Nh5 Rd8 19. Bc4 Rd4 20. Bb3 c5 21. Be5 Rg8 22. Nf6 Rxd1+ 23. Rxd1 Qa5 24. Bc3 Qc7 25. Rd7 Qf4+ 26. Kb1 c4 27. Bb4+ 1-0

[Event "XIV Open HIT 2009 - A"]
[Site "Nova Gorica SLO"]
[Date "2009.02.05"]
[Round "6"]
[White "Gjuran, Denis"]
[Black "Cebalo, Miso"]
[Result "1/2-1/2"]
[WhiteElo "2344"]
[BlackElo "2509"]
[PlyCount "84"]
[EventDate "2009.01.31"]
[Source "www.chesslib.no"]
[SourceDate "2004.05.04"]

1. e4 e5 2. Nf3 Nc6 3. Nc3 g6 4. d4 exd4 5. Nxd4 Bg7 6. Be3 Nf6 7. Nxc6 bxc6 8. e5 Ng8 9. f4 Ne7 10. Qd2 d5 11. Bc5 f6 12. exf6 Bxf6 13. Bd3 O-O 14. O-O Rf7 15. Rf2 Bf5 16. Raf1 Qd7 17. b3 Bxd3 18. Qxd3 Nf5 19. g4 Nd6 20. Bxd6 Qxd6 21. Ne2 Re8 22. g5 Bg7 23. Ng3 Rfe7 24. Rf3 Qc5+ 25. Kg2 Re3 26. Qd1 a5 27. a4 Bc3 28. f5 Be5 29. Rxe3 Qxe3 30. Qg4 Bxg3 31. Qxg3 Qe4+ 32. Kg1 gxf5 33. Qxc7 Qxc2 34. Qd7 Qe4 35. Qxf5 Qxf5 36. Rxf5 d4 37. Rf6 Re5 38. Rxc6 Rxg5+ 39. Kf2 Rh5 40. Kg3 Rd5 41. Kf2 Rh5 42. Kg3 Rd5 1/2-1/2